000
00303 a2200121 4500
001
65075
040
_c
Anchieta - Pituba
240
1
0
_a
1ª Avaliação de Inglês, 3ª série
_l
por
245
1
0
_a
1ª Avaliação de Inglês, 3ª série
362
0
_a
2018
650
4
_a
Inglês e inglês antigo
942
_c
BK
999
_c
65075
_d
65075